<?xml version="1.0" encoding="UTF-8"?>
<record
    xmlns:xsi="http://www.w3.org/2001/XMLSchema-instance"
    xsi:schemaLocation="http://www.loc.gov/MARC21/slim http://www.loc.gov/standards/marcxml/schema/MARC21slim.xsd"
    xmlns="http://www.loc.gov/MARC21/slim">

  <leader>00810nab a2200229 uc4500</leader>
  <controlfield tag="001">845701</controlfield>
  <controlfield tag="005">20240201190901.0</controlfield>
  <controlfield tag="008">030919s2001                        spa  </controlfield>
  <datafield tag="035" ind1=" " ind2=" ">
    <subfield code="a">845701</subfield>
  </datafield>
  <datafield tag="035" ind1=" " ind2=" ">
    <subfield code="a">(OCoLC)820077051</subfield>
  </datafield>
  <datafield tag="040" ind1=" " ind2=" ">
    <subfield code="c">comduadb</subfield>
  </datafield>
  <datafield tag="041" ind1=" " ind2=" ">
    <subfield code="a">spa</subfield>
  </datafield>
  <datafield tag="100" ind1="1" ind2="0">
    <subfield code="a">Berm&#xFA;dez, R. C.</subfield>
    <subfield code="4">aut</subfield>
    <subfield code="e">aut</subfield>
    <subfield code="9">386647</subfield>
  </datafield>
  <datafield tag="245" ind1="1" ind2="0">
    <subfield code="a">Biodegradaci&#xF3;n de la pulpa de cafe Coffea arabica L. y Coffea canephora var. robusta por Pleurotus ostreatus var. Florida</subfield>
  </datafield>
  <datafield tag="650" ind1=" " ind2=" ">
    <subfield code="a">Biodegradaci&#xF3;n</subfield>
    <subfield code="9">4703</subfield>
  </datafield>
  <datafield tag="650" ind1=" " ind2=" ">
    <subfield code="a">Pulpa de caf&#xE9;</subfield>
    <subfield code="9">19083</subfield>
  </datafield>
  <datafield tag="650" ind1=" " ind2=" ">
    <subfield code="a">Caf&#xE9; : Coffea arabiga, L.</subfield>
    <subfield code="9">34896</subfield>
  </datafield>
  <datafield tag="650" ind1=" " ind2=" ">
    <subfield code="a">Cafe : Coffea canephora</subfield>
    <subfield code="9">83329</subfield>
  </datafield>
  <datafield tag="650" ind1=" " ind2=" ">
    <subfield code="a">Setas: Pleurotus ostreatus</subfield>
    <subfield code="9">56630</subfield>
  </datafield>
  <datafield tag="773" ind1="0" ind2=" ">
    <subfield code="t">Revista Cubana de Qu&#xED;mica (Cuba)</subfield>
    <subfield code="g">Vol. 13, No. 03, 2001, p. 66-70</subfield>
    <subfield code="w">722421</subfield>
    <subfield code="x">0258-5995</subfield>
    <subfield code="0">229337</subfield>
  </datafield>
  <datafield tag="942" ind1=" " ind2=" ">
    <subfield code="c">ARIMP</subfield>
  </datafield>
  <datafield tag="999" ind1=" " ind2=" ">
    <subfield code="c">299562</subfield>
    <subfield code="d">299562</subfield>
  </datafield>
</record>
